00578cam a2200157 a 4500008004100000020001500041020001800056040002800074043001200102100002400114245010300138260003300241300002200274504006600296650005800362140514s1996 fr 000 1 fre d a2729896392 a9782729896393 aEG-GiCUCbfrecEG-GiCUC ae-fr---1 aBonhomme, Beatrice.13aLe roman au XXe siecle : ba travers dix auteurs de Proust au nouveau roman / cBeatrice Bonhomme. aParis : bEllipses , c1996. a206 p. ; c26 cm. aIncludes bibliographical references (p. 181-182) and indexes. 0aFrench fictiony20th centuryxHistory and criticism..